| 000 | 00675nam a22002177a 4500 | ||
|---|---|---|---|
| 999 |
_c493 _d493 |
||
| 003 | AR-CdUCM | ||
| 008 | 190223b ||||| |||| 00| 0 spa d | ||
| 040 |
_aMUNICIPALIDAD PROVINCIAL DEL CUSCO _cBIBLIOTECA MUNICIPAL DEL CUSCO |
||
| 082 |
_a808.83 / _bR74 |
||
| 100 |
_aRodriguez, Guillermo _91928 |
||
| 245 |
_aEncerrar la dama / _cRodriguez, Guillermo |
||
| 260 |
_aBuenos Aires : _bPomaire, _c1981. |
||
| 300 |
_a246 paginas ; _c24cm. |
||
| 505 | _aPrimera parte -- Segunda parte -- Tercera parte | ||
| 650 |
_aHistoria _9136 |
||
| 650 |
_aFiccion _9184 |
||
| 650 |
_aPeriodismo _91929 |
||
| 650 |
_aGuerra civil _91772 |
||
| 942 |
_2ddc _cLIBROS |
||
| 945 |
_apjha _d2019-02-23 |
||